| 000 | 00750nam a22002297a 4500 | ||
|---|---|---|---|
| 005 | 20230925130945.0 | ||
| 010 | _aENG-135484 | ||
| 020 |
_a9789395422147 _c350.00 |
||
| 035 | _aEN-119016 | ||
| 037 | _bDBAD/PUB | ||
| 082 | _a006.31 | ||
| 100 |
_aAnkit, Kumar _957376 |
||
| 245 |
_aMachine Learning With its Application in Data Science/ _cBy Ankit, Kumar...[et.al] |
||
| 260 |
_aMadurai _bShanlax Press _c2022 |
||
| 270 |
_a61,66 T.P.K Main Road Vasantha Nagar _bTamil Nadu _e625003 |
||
| 300 |
_a226p. _c24m(pbk) |
||
| 700 |
_aArtheewswari, S _eAuthor _957377 |
||
| 700 |
_aSugumar, R _eAuthor _957378 |
||
| 700 |
_aHaritha, T _eAuthor _957379 |
||
| 700 |
_aBabu, A V Santhosh _eAuthor _957380 |
||
| 942 |
_2ddc _cEN _h006.31 _mANK |
||
| 999 |
_c198535 _d198535 |
||